Creación de un sistema experto de apoyo al diseño de excavaciones en roca

保存先:
書誌詳細
第一著者: Tapia Balladares, Marco Antonio
フォーマット: 図書
出版事項: San José, C.R. 1997
主題:
タグ: タグ追加
タグなし, このレコードへの初めてのタグを付けませんか!

MARC

LEADER 00000nam a2200000Ia 4500
003 008313
005 20221231144219.0
008 140114s1997 cr a m 000 ||s d
040 |c cru CEDI 
090 |a TFG 3946 
100 |a Tapia Balladares, Marco Antonio  |9 8763 
245 |a Creación de un sistema experto de apoyo al diseño de excavaciones en roca 
260 |c 1997  |a  San José, C.R. 
300 |a  xiii, 200 hojas : ilustraciones  
500 |a  Tesis (magister scientiae en ingeniería civil)--Universidad de Costa Rica. Sistema de Estudios de Posgrado. 
650 |x SISTEMAS EXPERTOS (COMPUTADORAS)   |x EXCAVACIONES  |9 8764 
942 |c TFG 
999 |c 18525  |d 18525